000 00611nam a22001937a 4500
005 20180829134802.0
010 _aB-477815
020 _a9789381162323
_c275.00
035 _aB-477815
037 _aK.K.Pub/BL2032/23.5.12
_bRP/Shahdra
082 _a333
100 _aDeepashree
245 _aMacroeconomics /
_cby Deepashree & Vanita Agarwal
260 _aNew Delhi
_bAne Books
_c2012
270 _a4821 Parwana Bhawan Darya Ganj
_bNew Delhi
300 _axvii,vpg
_c23cm
942 _2ddc
_cEN
_h333
_mDEE
999 _c67167
_d67167